00503nam a2200193 a 4500001001300000003000900013005001700022008004100039020001000080082001600090100003300106245001900139260003700158300000900195500003500204505002200239650001500261700003300276nice12345678IN_TiNIC20260116011811.0050524s1895 qada grp 000 0 urd  ac10000a297.86bAMR aAmrohavi, Sayeed Mohd, Ahsan aSwal-Ul-Sabeel aQadianbMatbua Ziaul Islamc1895 a44p. aincludes index and biblioraphy2 aVarious Documents aAhmadiyyah1 aAmrohavi, Sayeed Mohd, Ahsan